000 00996nam a2200289 i 4500
001 181053
003 ES-MaACL
005 20231007172323.0
008 121015s2011 sp | |||||||| | spa d
020 _a978-84-939143-0-1
080 _a355.49(460)"1571"
080 _a94(4-13)"15"
100 1 _aBarbero, Alessandro.
_925434
245 1 0 _aLepanto
_b: la batalla de los tres imperios /
_cAlessandro Barbero ; traducción de Teófilo de Lozoya y Juan Rabasseda.
250 _a1ª ed.
260 _aBarcelona :
_bPasado & Presente,
_cD.L. 2011.
300 _a843 p. ;
_c23 cm.
504 _aBibliografía: p. [805]-823. Índice.
650 _aBatalla de Lepanto, 1571.
_9171486
651 4 _aMediterráneo (Región)-
_xHistoria-
_yS.XVI.
_9151590
700 0 _aLozoya, Teófilo de.
_974479
700 1 _aRabasseda, Juan.
_9151591
852 _aES-MaACL
_jA-12269
_9187936
_bR.148323
_cDEPO1
_dOlim: N-5274
942 _2udc
_cMONOGRAFIA
999 _c181053
_d181053